[Event "DEM U10/U10w 2015"]
[Site "Willingen GER"]
[Date "2015.05.27"]
[Round "6"]
[White "Wagner, Leopold Franziskus"]
[Black "Kirchner, Markus"]
[Result "1-0"]
[Termination "normal"]
[Board "1"]
[WhiteElo "1803"]
[BlackElo "1633"]
[WhiteClock "00:07:26"]
[BlackClock "00:30:02"]
[PlyCount "55"]
[WhiteFideId "1641581"]
[BlackFideId "12979163"]
[EventCountry "GER"]
[EventRounds "11"]
[EventType "swiss"]
[EventDate "2015.05.23"]

1. Nf3 e6 2. d4 c5 3. e3 d5 4. Be2 Nc6 5. O-O Nf6 6. Re1 Be7 7. b3 O-O 8. Bb2
cxd4 9. Nxd4 Bd6 10. Nd2 Nxd4 11. Bxd4 e5 12. Bb2 e4 13. c4 dxc4 14. Nxc4 Be7
15. Qc2 Bf5 16. Red1 Qc8 17. Rac1 Qe6 18. Qb1 Rac8 19. Nd2 Rxc1 20. Rxc1 Bd6
21. Bc4 Bxh2+ 22. Kh1 Qd6 23. Rd1 Rd8 24. Be2 Qb8 25. Bxf6 gxf6 26. g3 Bxg3 27.
fxg3 Qxg3 28. Rg1 1-0

[Event "DEM U10/U10w 2015"]
[Site "Willingen GER"]
[Date "2015.05.27"]
[Round "6"]
[White "Lutz, Ruben"]
[Black "Krastev, Alexander"]
[Result "0-1"]
[Termination "normal"]
[Board "2"]
[WhiteElo "1524"]
[BlackElo "1940"]
[WhiteClock "00:18:34"]
[BlackClock "00:51:41"]
[PlyCount "72"]
[WhiteFideId "12975974"]
[BlackFideId "12989983"]
[EventCountry "GER"]
[EventRounds "11"]
[EventType "swiss"]
[EventDate "2015.05.23"]

1. d4 Nf6 2. Nf3 e6 3. Bg5 b6 4. Nbd2 Bb7 5. c3 d6 6. e3 Nbd7 7. Bd3 h6 8. Bh4
g5 9. Bg3 Nh5 10. Qe2 g4 11. Nh4 Rg8 12. h3 Nxg3 13. fxg3 h5 14. O-O-O Qg5 15.
Rdf1 Bh6 16. Qf2 O-O-O 17. Re1 f5 18. Bc4 Rge8 19. Rhf1 Nf6 20. Re2 Kb8 21. Bd3
Rf8 22. Qg1 Rg8 23. Bc4 d5 24. Bd3 gxh3 25. gxh3 Qxg3 26. Qxg3 Rxg3 27. Ndf3
Rxh3 28. Rg1 Ng4 29. Kd2 c5 30. Bc2 cxd4 31. cxd4 Ba6 32. Bd3 Bxd3 33. Kxd3 Rc8
34. a3 Kb7 35. b3 Bg7 36. Ree1 Bf6 0-1

[Event "DEM U10/U10w 2015"]
[Site "Willingen GER"]
[Date "2015.05.27"]
[Round "6"]
[White "Bui, Bao Anh Le"]
[Black "Pubantz, Jan"]
[Result "1/2-1/2"]
[Termination "normal"]
[Board "3"]
[WhiteElo "1660"]
[BlackElo "1363"]
[WhiteClock "00:05:38"]
[BlackClock "00:05:16"]
[PlyCount "58"]
[WhiteFideId "12970719"]
[BlackFideId "12996114"]
[EventCountry "GER"]
[EventRounds "11"]
[EventType "swiss"]
[EventDate "2015.05.23"]

1. e4 c6 2. d4 d5 3. Nc3 dxe4 4. Nxe4 Bf5 5. Ng3 Bg6 6. f4 e6 7. Nf3 Nd7 8. Bc4
Ngf6 9. O-O Be7 10. f5 exf5 11. Qe2 Nb6 12. Bd3 Ne4 13. Nxe4 fxe4 14. Bxe4 O-O
15. Bxg6 hxg6 16. Be3 Re8 17. Qd3 Bf6 18. c3 Qd5 19. b3 Qe4 20. Qxe4 Rxe4 21.
Rae1 Rae8 22. Kf2 Nd5 23. Bd2 Rxe1 24. Rxe1 Rxe1 25. Nxe1 c5 26. Nf3 cxd4 27.
Nxd4 Kf8 28. Kf3 Ke7 29. Ke4 Nc7 1/2-1/2

[Event "DEM U10/U10w 2015"]
[Site "Willingen GER"]
[Date "2015.05.27"]
[Round "6"]
[White "Bethke, Richard"]
[Black "Weihrauch, Jakob"]
[Result "1-0"]
[Termination "normal"]
[Board "4"]
[WhiteElo "1655"]
[BlackElo "1594"]
[WhiteClock "01:03:39"]
[BlackClock "00:34:01"]
[PlyCount "83"]
[WhiteFideId "12959243"]
[BlackFideId "16210115"]
[EventCountry "GER"]
[EventRounds "11"]
[EventType "swiss"]
[EventDate "2015.05.23"]

1. e4 c5 2. Nf3 d6 3. d4 cxd4 4. Nxd4 Nf6 5. Nc3 a6 6. Be2 e6 7. O-O b5 8. f4
b4 9. e5 Nfd7 10. Ne4 d5 11. Ng5 Bc5 12. Kh1 Bxd4 13. Qxd4 Nc6 14. Qe3 h6 15.
Nf3 O-O 16. Nd4 Nxd4 17. Qxd4 a5 18. Be3 Qc7 19. Qd2 Nc5 20. Bf3 Ba6 21. Rfc1
Rab8 22. a3 bxa3 23. Rxa3 Rfc8 24. Rxa5 Rb5 25. Rca1 d4 26. Bxd4 Rd8 27. Rxb5
Bxb5 28. Qb4 Na4 29. Qxb5 Rxd4 30. Rxa4 Rd8 31. Qc4 Qd7 32. Ra1 Qd2 33. b4 Rd4
34. Qc8+ Kh7 35. b5 Qxf4 36. b6 Qxe5 37. Rb1 Qa5 38. b7 Ra4 39. b8=Q Ra1 40.
Qg8+ Kg6 41. Qg3+ Kf6 42. Q3xg7+ 1-0

[Event "DEM U10/U10w 2015"]
[Site "Willingen GER"]
[Date "2015.05.27"]
[Round "6"]
[White "Hetzner, Hannes"]
[Black "Musiolik, David"]
[Result "1/2-1/2"]
[Termination "normal"]
[Board "5"]
[WhiteElo "1361"]
[BlackElo "1629"]
[WhiteClock "00:43:01"]
[BlackClock "00:25:24"]
[PlyCount "61"]
[WhiteFideId "16211936"]
[BlackFideId "12972355"]
[EventCountry "GER"]
[EventRounds "11"]
[EventType "swiss"]
[EventDate "2015.05.23"]

1. e4 e6 2. d4 d5 3. Nc3 Bb4 4. a3 Bxc3+ 5. bxc3 c6 6. Bd3 dxe4 7. Bxe4 Nf6 8.
Bf3 Nbd7 9. Bf4 Nd5 10. Ne2 N7b6 11. Qd3 Bd7 12. O-O Nxf4 13. Nxf4 Qg5 14. Ne2
O-O-O 15. Rab1 f5 16. c4 Qe7 17. Rfe1 g5 18. c5 Nd5 19. c4 Nf6 20. Ng3 Qf7 21.
Qb3 Be8 22. Rxe6 Rxd4 23. Rxf6 Qxf6 24. Qxb7+ Kd8 25. Qb8+ Ke7 26. Re1+ Kd7 27.
Qb7+ Kd8 28. Qb8+ Kd7 29. Qb7+ Kd8 30. Qb8+ Kd7 31. Qb7+ 1/2-1/2

[Event "DEM U10/U10w 2015"]
[Site "Willingen GER"]
[Date "2015.05.27"]
[Round "6"]
[White "Toval, David"]
[Black "Evering, Sören"]
[Result "1/2-1/2"]
[Termination "normal"]
[Board "6"]
[WhiteElo "1528"]
[BlackElo "1712"]
[WhiteClock "00:06:49"]
[BlackClock "00:06:12"]
[PlyCount "85"]
[WhiteFideId "12992755"]
[BlackFideId "12974650"]
[EventCountry "GER"]
[EventRounds "11"]
[EventType "swiss"]
[EventDate "2015.05.23"]

1. e4 e5 2. Nf3 Nc6 3. Bb5 a6 4. Ba4 Nf6 5. O-O Be7 6. Re1 b5 7. Bb3 d6 8. h3
O-O 9. d3 Na5 10. Nbd2 Nxb3 11. axb3 Bb7 12. Nf1 Re8 13. Ng3 g6 14. c3 Bf8 15.
Qc2 Bg7 16. b4 d5 17. Bg5 h6 18. Bxf6 Bxf6 19. exd5 Bxd5 20. Ne4 Bg7 21. b3 Qe7
22. Re3 Bxe4 23. Rxe4 c5 24. bxc5 Qxc5 25. Rae1 Rac8 26. c4 Kf8 27. Qe2 f5 28.
Re3 e4 29. dxe4 f4 30. Rd3 bxc4 31. bxc4 Qxc4 32. Rd6 Bc3 33. Qxc4 Rxc4 34. Rc1
Kf7 35. Rxa6 Rexe4 36. Ra7+ Kf6 37. Ra6+ Kf7 38. Ra3 Bf6 39. Ra7+ Ke6 40. Ra6+
Kf7 41. Ra7+ Ke6 42. Ra6+ Kf7 43. Ra7+ 1/2-1/2

[Event "DEM U10/U10w 2015"]
[Site "Willingen GER"]
[Date "2015.05.27"]
[Round "6"]
[White "Marschall, Tillmann"]
[Black "Hommer, Jeremy"]
[Result "1-0"]
[Termination "normal"]
[Board "7"]
[WhiteElo "1423"]
[BlackElo "1570"]
[WhiteClock "00:08:23"]
[BlackClock "00:10:52"]
[PlyCount "85"]
[WhiteFideId "12973220"]
[BlackFideId "12992577"]
[EventCountry "GER"]
[EventRounds "11"]
[EventType "swiss"]
[EventDate "2015.05.23"]

1. e4 c6 2. d4 d5 3. Nc3 dxe4 4. Nxe4 Nf6 5. Nxf6+ exf6 6. c3 Bd6 7. Bd3 O-O 8.
Qc2 h6 9. Ne2 Re8 10. Bd2 Be6 11. O-O-O Nd7 12. c4 a5 13. Bc3 Nf8 14. Rhe1 Qb8
15. a4 Rc8 16. Ng3 Bf4+ 17. Kb1 Bd7 18. Nf5 b5 19. Ne7+ Kh8 20. Nxc8 Qxc8 21.
g3 Bd6 22. cxb5 cxb5 23. Bxb5 Bxb5 24. axb5 Ne6 25. Rd2 Qb7 26. Qe4 Qa7 27. Qc6
Bb4 28. f4 f5 29. d5 Nc5 30. Re8+ Rxe8 31. Qxe8+ Kh7 32. Qe3 Qc7 33. Bxb4 axb4
34. Rc2 b3 35. Rxc5 Qa7 36. Qc3 Qa2+ 37. Kc1 Qa1+ 38. Kd2 Qg1 39. Kd3 Qf1+ 40.
Kd4 Qf2+ 41. Kc4 Qe2+ 42. Qd3 Qxb2 43. Qxf5+ 1-0

[Event "DEM U10/U10w 2015"]
[Site "Willingen GER"]
[Date "2015.05.27"]
[Round "6"]
[White "Kosev, Momchil"]
[Black "Haufe, Laurin"]
[Result "1/2-1/2"]
[Termination "normal"]
[Board "8"]
[WhiteElo "1391"]
[BlackElo "1575"]
[WhiteClock "00:37:34"]
[BlackClock "00:28:55"]
[PlyCount "53"]
[WhiteFideId "12975982"]
[BlackFideId "12976504"]
[EventCountry "GER"]
[EventRounds "11"]
[EventType "swiss"]
[EventDate "2015.05.23"]

1. d4 Nf6 2. g3 c5 3. Bg2 cxd4 4. Qxd4 Nc6 5. Qd1 g6 6. Nf3 Bg7 7. O-O O-O 8.
c4 Qc7 9. Nc3 a6 10. e4 d6 11. h3 Bd7 12. Be3 Rab8 13. a4 b6 14. Rc1 Nb4 15.
Nd5 Nbxd5 16. cxd5 Qb7 17. Nd4 Rbc8 18. Qb3 b5 19. axb5 Bxb5 20. f4 Nd7 21.
Nxb5 Qxb5 22. Qxb5 axb5 23. b4 Bc3 24. Rb1 Rc4 25. Rfc1 Rfc8 26. Kh2 Nf8 27.
Rb3 1/2-1/2

[Event "DEM U10/U10w 2015"]
[Site "Willingen GER"]
[Date "2015.05.27"]
[Round "6"]
[White "Colbow, Collin"]
[Black "Kodalle, Dominik"]
[Result "1-0"]
[Termination "normal"]
[Board "9"]
[WhiteElo "1489"]
[BlackElo "1230"]
[PlyCount "47"]
[WhiteFideId "16201132"]
[BlackFideId "16208722"]
[EventCountry "GER"]
[EventRounds "11"]
[EventType "swiss"]
[EventDate "2015.05.23"]

1. e4 e6 2. d4 d5 3. Nd2 Nf6 4. e5 Nfd7 5. Bd3 c5 6. c3 Nc6 7. Ne2 Qb6 8. Nf3
Be7 9. O-O O-O 10. Nf4 cxd4 11. cxd4 Kh8 12. Bb1 f6 13. Nxe6 Re8 14. Nf4 fxe5
15. dxe5 Ndxe5 16. Nxe5 Nxe5 17. Qh5 g6 18. Qxe5+ Qf6 19. Qxf6+ Bxf6 20. Nxd5
Bd8 21. Bf4 Re2 22. Be3 Kg8 23. Bd3 Rxb2 24. Bc1 1-0

[Event "DEM U10/U10w 2015"]
[Site "Willingen GER"]
[Date "2015.05.27"]
[Round "6"]
[White "Deutsch, Christoph"]
[Black "Lutz, Adam"]
[Result "1/2-1/2"]
[Termination "normal"]
[Board "10"]
[WhiteElo "1291"]
[BlackElo "1481"]
[PlyCount "47"]
[WhiteFideId "16206878"]
[BlackFideId "16226615"]
[EventCountry "GER"]
[EventRounds "11"]
[EventType "swiss"]
[EventDate "2015.05.23"]

1. e4 c5 2. Nf3 e6 3. d4 cxd4 4. Nxd4 Nf6 5. Nc3 d6 6. Be3 a6 7. Bd3 b5 8. a3
Bb7 9. O-O Nc6 10. f4 Be7 11. Kh1 O-O 12. Qf3 Rc8 13. Qh3 h6 14. Rae1 Kh8 15.
Rf3 Nh7 16. Nb3 Bf6 17. Bd2 Qe7 18. Rff1 Qc7 19. Qe3 Rg8 20. Be2 Rcd8 21. Bh5
Rd7 22. Qf2 Qd8 23. Bg4 Rc7 24. Bh5 1/2-1/2

[Event "DEM U10/U10w 2015"]
[Site "Willingen GER"]
[Date "2015.05.27"]
[Round "6"]
[White "Breß, Aaron"]
[Black "Lohvinov, Petro"]
[Result "0-1"]
[Termination "normal"]
[Board "11"]
[WhiteElo "1674"]
[BlackElo "1418"]
[PlyCount "112"]
[WhiteFideId "12996432"]
[BlackFideId "14176661"]
[EventCountry "GER"]
[EventRounds "11"]
[EventType "swiss"]
[EventDate "2015.05.23"]

1. e4 e5 2. Nf3 Nc6 3. Bb5 a6 4. Ba4 d6 5. O-O Bd7 6. c3 Nge7 7. d4 g6 8. h3
Bg7 9. d5 Nb8 10. Bxd7+ Nxd7 11. Re1 h6 12. Nbd2 O-O 13. Nf1 Kh7 14. Ng3 f5 15.
c4 fxe4 16. Nxe4 Nf5 17. Be3 Nxe3 18. Rxe3 Rf4 19. Qc2 Qe7 20. Rd1 Nf6 21.
Nxf6+ Qxf6 22. Re4 Rf8 23. Rxf4 Qxf4 24. Re1 Qf5 25. Qe2 Qf4 26. b3 Qf7 27. Rd1
Qd7 28. Nd2 a5 29. Ne4 a4 30. b4 Ra8 31. a3 Rf8 32. Rd3 Rf4 33. Re3 Qc8 34. Nc3
Qd7 35. c5 Qf5 36. Nxa4 Qb1+ 37. Kh2 Qc1 38. Rc3 Qb1 39. Qc2 Qf1 40. Rg3 Rf6
41. f3 Qa1 42. Nc3 Qxa3 43. Ne4 Rf7 44. Nf6+ Rxf6 45. f4 Qa1 46. fxe5 Qxe5 47.
Qd3 Rf5 48. h4 Qd4 49. Qxd4 Bxd4 50. Kh3 Bf6 51. Rg4 h5 52. Re4 Be5 53. Re3 Rf1
54. g3 Rc1 55. Re4 Rc3 56. Kg2 Rxg3+ 0-1

[Event "DEM U10/U10w 2015"]
[Site "Willingen GER"]
[Date "2015.05.27"]
[Round "6"]
[White "Röhr, Oliver"]
[Black "Laux, Dominik"]
[Result "1-0"]
[Termination "normal"]
[Board "12"]
[WhiteElo "1453"]
[BlackElo "1273"]
[PlyCount "73"]
[WhiteFideId "12987697"]
[BlackFideId "12994219"]
[EventCountry "GER"]
[EventRounds "11"]
[EventType "swiss"]
[EventDate "2015.05.23"]

1. e4 c6 2. c4 d5 3. exd5 cxd5 4. cxd5 Nf6 5. Nf3 Nxd5 6. Bc4 Nb6 7. Bb3 Nc6 8.
O-O Bg4 9. Bxf7+ Kxf7 10. Ng5+ Ke8 11. Qxg4 Qd4 12. Qg3 Rc8 13. Nxh7 Ne5 14.
Ng5 Rh6 15. Qe3 Qd6 16. Qg3 Rc4 17. h3 Rg6 18. b3 Rc6 19. Qe3 Qf6 20. Ne4 Qf5
21. Ng3 Qf6 22. Nc3 e6 23. Bb2 Ned7 24. d4 Be7 25. Rab1 Rc8 26. Nce4 Qf7 27.
Rfc1 Rxc1+ 28. Rxc1 Kd8 29. Qc3 Ke8 30. Qc8+ Nxc8 31. Rxc8+ Bd8 32. Nd6+ Ke7
33. Nxf7 Kxf7 34. Rxd8 Ke7 35. Ra8 a6 36. Ba3+ Kf7 37. Rd8 1-0

[Event "DEM U10/U10w 2015"]
[Site "Willingen GER"]
[Date "2015.05.27"]
[Round "6"]
[White "Rockmann, Enno"]
[Black "Ziegenfuß, Antonia"]
[Result "1-0"]
[Termination "normal"]
[Board "13"]
[WhiteElo "1269"]
[BlackElo "1627"]
[PlyCount "101"]
[WhiteFideId "12982920"]
[BlackFideId "12962554"]
[EventCountry "GER"]
[EventRounds "11"]
[EventType "swiss"]
[EventDate "2015.05.23"]

1. e4 e5 2. Nf3 Nc6 3. Bc4 Nf6 4. d3 Be7 5. O-O d6 6. h3 Na5 7. Bb5+ c6 8. Ba4
b5 9. Bb3 Nxb3 10. axb3 c5 11. Re1 O-O 12. c4 b4 13. Be3 h6 14. Nbd2 Nh7 15.
Nf1 f5 16. exf5 Bxf5 17. Ng3 Qe8 18. Bxc5 dxc5 19. Rxe5 Qd7 20. Rd5 Qc8 21. Qe2
Bd8 22. Qe5 Bc7 23. Nxf5 Bxe5 24. Ne7+ Kh8 25. Nxc8 Bxb2 26. Ra2 Raxc8 27. Rxb2
Nf6 28. Re5 Rfe8 29. Nh4 Kh7 30. Rbe2 Rcd8 31. R5e3 Rxe3 32. Rxe3 Rd7 33. Nf3
a6 34. g4 g5 35. Kg2 Kg7 36. Kg3 Ra7 37. Re5 Rc7 38. Re6 Ra7 39. Rc6 Rd7 40.
Ne5 Re7 41. f4 gxf4+ 42. Kxf4 Nd7 43. Nxd7 Rxd7 44. Ke3 Re7+ 45. Kd2 Re5 46.
Rxa6 h5 47. gxh5 Rxh5 48. Ra5 Kg6 49. d4 cxd4 50. Rxh5 Kxh5 51. c5 1-0

[Event "DEM U10/U10w 2015"]
[Site "Willingen GER"]
[Date "2015.05.27"]
[Round "6"]
[White "Stockmann, Till"]
[Black "Gericke, Luis"]
[Result "1/2-1/2"]
[Termination "normal"]
[Board "14"]
[WhiteElo "1442"]
[BlackElo "1220"]
[PlyCount "100"]
[WhiteFideId "12979341"]
[BlackFideId "16212525"]
[EventCountry "GER"]
[EventRounds "11"]
[EventType "swiss"]
[EventDate "2015.05.23"]

1. e4 e5 2. Nf3 Nc6 3. Bc4 Bc5 4. O-O Nf6 5. d4 Bxd4 6. Nxd4 Nxd4 7. f4 Qe7 8.
fxe5 Qxe5 9. Bf4 Qc5 10. Bxf7+ Kxf7 11. Be3 Qe5 12. Qxd4 Qxd4 13. Bxd4 d6 14.
Nc3 c6 15. Rae1 Re8 16. e5 dxe5 17. Rxe5 Rxe5 18. Bxe5 Kg6 19. Rf2 Bf5 20. h3
Re8 21. Bxf6 Re1+ 22. Kh2 gxf6 23. g4 Be4 24. Nxe4 Rxe4 25. Kg3 Re3+ 26. Rf3
Re2 27. Rc3 f5 28. Rc5 fxg4 29. hxg4 Kf6 30. b4 Re3+ 31. Kf4 Ra3 32. Ra5 Rxa5
33. bxa5 b6 34. axb6 axb6 35. a3 b5 36. c3 c5 37. Ke4 Kg5 38. Kf3 c4 39. Kg3 h6
40. Kf3 Kf6 41. Kf4 Ke6 42. Ke4 Kf6 43. Kf4 Ke6 44. Kg3 Ke5 45. Kf3 Kf6 46. Kf4
Kg6 47. Kg3 Kg5 48. Kf3 Kh4 49. Kf4 Kh3 50. Kf3 Kh4 1/2-1/2

[Event "DEM U10/U10w 2015"]
[Site "Willingen GER"]
[Date "2015.05.27"]
[Round "6"]
[White "Schubert, Nikita"]
[Black "Prieb, Robert"]
[Result "0-1"]
[Termination "normal"]
[Board "15"]
[WhiteElo "1216"]
[BlackElo "1426"]
[PlyCount "82"]
[WhiteFideId "16212339"]
[BlackFideId "16212002"]
[EventCountry "GER"]
[EventRounds "11"]
[EventType "swiss"]
[EventDate "2015.05.23"]

1. Nc3 d5 2. d4 Nf6 3. Bf4 a6 4. f3 Nc6 5. Qd2 e6 6. a3 Be7 7. g4 h6 8. h4 Nxg4
9. fxg4 Bxh4+ 10. Kd1 Bf6 11. e3 e5 12. dxe5 Bxg4+ 13. Be2 Bxe2+ 14. Ngxe2 Bxe5
15. Bxe5 Nxe5 16. Nxd5 c6 17. Ndc3 Qxd2+ 18. Kxd2 Nc4+ 19. Ke1 Nxe3 20. Rc1
O-O-O 21. Nf4 Rhe8 22. Kf2 Rd2+ 23. Kf3 Nxc2 24. Ne4 Nd4+ 25. Ke3 Nb3 26. Rc3
Rd4 27. Rxb3 Rexe4+ 28. Kf2 Rxf4+ 29. Rf3 Rxf3+ 30. Kxf3 Rd2 31. Rg1 g6 32. Rh1
h5 33. Rb1 g5 34. Kg3 f5 35. Kf3 h4 36. Ke3 Rh2 37. Kf3 g4+ 38. Kf4 g3 39. Kxf5
g2 40. Rg1 h3 41. Kg4 Rh1 0-1

[Event "DEM U10/U10w 2015"]
[Site "Willingen GER"]
[Date "2015.05.27"]
[Round "6"]
[White "Kurzweil, Nalani"]
[Black "Simukov, Erik"]
[Result "1/2-1/2"]
[Termination "normal"]
[Board "16"]
[WhiteElo "1209"]
[BlackElo "1515"]
[PlyCount "77"]
[WhiteFideId "12985694"]
[BlackFideId "12995380"]
[EventCountry "GER"]
[EventRounds "11"]
[EventType "swiss"]
[EventDate "2015.05.23"]

1. e4 e5 2. Nf3 Nc6 3. Bc4 Bc5 4. O-O d6 5. c3 Bg4 6. h3 Bh5 7. b4 Bb6 8. a4 a6
9. d3 h6 10. Be3 Nge7 11. Na3 O-O 12. Nc2 Kh8 13. Kh1 f5 14. Rc1 fxe4 15. dxe4
Qd7 16. Nce1 Rf6 17. Be2 Raf8 18. Bxb6 cxb6 19. Nxe5 Nxe5 20. Bxh5 Rxf2 21.
Rxf2 Rxf2 22. Nf3 Nxf3 23. Bxf3 Ra2 24. Ra1 Rxa1 25. Qxa1 Ng6 26. Qd1 Ne5 27.
Be2 Qc6 28. Qc2 d5 29. exd5 Qxd5 30. Qf5 a5 31. Bf3 Qd6 32. Qc8+ Kh7 33. Be4+
Ng6 34. bxa5 bxa5 35. Bxg6+ Kxg6 36. Qg4+ Kh7 37. Qe4+ Kh8 38. Qe8+ Kh7 39.
Qe4+ 1/2-1/2

[Event "DEM U10/U10w 2015"]
[Site "Willingen GER"]
[Date "2015.05.27"]
[Round "6"]
[White "Butenandt, Svenja"]
[Black "Jahrke, Jonas"]
[Result "1-0"]
[Termination "normal"]
[Board "17"]
[WhiteElo "1342"]
[BlackElo "1372"]
[PlyCount "75"]
[WhiteFideId "12993859"]
[BlackFideId "12984353"]
[EventCountry "GER"]
[EventRounds "11"]
[EventType "swiss"]
[EventDate "2015.05.23"]

1. e4 c5 2. Nf3 e6 3. d4 cxd4 4. Nxd4 a6 5. Bd3 Qc7 6. Qe2 d6 7. c4 Nd7 8. Nc3
Ngf6 9. f4 Be7 10. O-O O-O 11. Bd2 Qb6 12. Be3 Nc5 13. Nf3 Qc7 14. e5 dxe5 15.
fxe5 Nxd3 16. exf6 Bxf6 17. Qxd3 Bd7 18. Ng5 Bxg5 19. Bxg5 Rac8 20. Be7 Rfe8
21. Bh4 Bc6 22. b3 e5 23. Rae1 Re6 24. Bg3 Rg6 25. Nd5 Qd6 26. Bxe5 Bxd5 27.
Qxd5 Qxd5 28. cxd5 Rc2 29. d6 Rgxg2+ 30. Kh1 Rgd2 31. Bf4 Re2 32. Rxe2 Rxe2 33.
d7 g5 34. d8=Q+ Kg7 35. Qxg5+ Kf8 36. Qd8+ Kg7 37. Rg1+ Rg2 38. Rxg2# 1-0

[Event "DEM U10/U10w 2015"]
[Site "Willingen GER"]
[Date "2015.05.27"]
[Round "6"]
[White "Mailitis, Ricardo"]
[Black "Stahnecker, Hagen"]
[Result "1/2-1/2"]
[Termination "normal"]
[Board "18"]
[WhiteElo "1370"]
[BlackElo "1257"]
[PlyCount "52"]
[WhiteFideId "12977535"]
[BlackFideId "16225422"]
[EventCountry "GER"]
[EventRounds "11"]
[EventType "swiss"]
[EventDate "2015.05.23"]

1. Nf3 Nc6 2. b3 e5 3. Bb2 d6 4. e3 Bg4 5. Be2 Nf6 6. d4 exd4 7. exd4 d5 8. Ne5
Bxe2 9. Qxe2 Qe7 10. Nd2 g6 11. Nxc6 Qxe2+ 12. Kxe2 bxc6 13. Rhe1 Kd7 14. Kf1
Bb4 15. Re2 Bxd2 16. Rxd2 Rhe8 17. Re2 Rxe2 18. Kxe2 Re8+ 19. Kf1 Ne4 20. f3
Ng5 21. Kf2 h5 22. Re1 Rxe1 23. Kxe1 Ne6 24. Kf2 Ke7 25. c4 Nf4 26. Kf1 Kd6
1/2-1/2

[Event "DEM U10/U10w 2015"]
[Site "Willingen GER"]
[Date "2015.05.27"]
[Round "6"]
[White "Farokhi, Keyvan"]
[Black "Zeuner, Ole"]
[Result "1/2-1/2"]
[Termination "normal"]
[Board "19"]
[WhiteElo "1262"]
[BlackElo "1484"]
[PlyCount "45"]
[WhiteFideId "12998630"]
[BlackFideId "12943576"]
[EventCountry "GER"]
[EventRounds "11"]
[EventType "swiss"]
[EventDate "2015.05.23"]

1. e4 c5 2. Nf3 Nc6 3. d4 cxd4 4. Nxd4 Nf6 5. Nc3 d6 6. f3 g6 7. Be3 Bg7 8. Qd2
O-O 9. O-O-O Bd7 10. g4 Rc8 11. h4 h5 12. gxh5 Nxh5 13. Qg2 Na5 14. Be2 Nc4 15.
Bxc4 Rxc4 16. Rdg1 Qc8 17. Nd5 Re8 18. Qf2 Qb8 19. Nb3 e6 20. Nf4 Nxf4 21. Bxf4
Rc6 22. Nc5 Bc8 23. Nb3 1/2-1/2

[Event "DEM U10/U10w 2015"]
[Site "Willingen GER"]
[Date "2015.05.27"]
[Round "6"]
[White "Pietsch, Julius"]
[Black "Schauties, Nico Antonio"]
[Result "1/2-1/2"]
[Termination "normal"]
[Board "20"]
[WhiteElo "1202"]
[BlackElo "1457"]
[PlyCount "73"]
[WhiteFideId "12985660"]
[BlackFideId "16206371"]
[EventCountry "GER"]
[EventRounds "11"]
[EventType "swiss"]
[EventDate "2015.05.23"]

1. e4 e6 2. d4 d5 3. e5 c5 4. c3 Nc6 5. Be3 Qb6 6. Qd2 cxd4 7. cxd4 Bb4 8. Nc3
Bd7 9. Nf3 Rc8 10. Rc1 Nge7 11. Bd3 O-O 12. O-O Na5 13. Qc2 h6 14. a3 Bxc3 15.
bxc3 Rc7 16. Rb1 Qc6 17. Bb5 Qxb5 18. Rxb5 Bxb5 19. Rc1 Rfc8 20. Qd2 Nb3 21.
Qb2 Nxc1 22. Bxc1 Rxc3 23. Bd2 Rc2 24. Qxb5 Nf5 25. h3 Nxd4 26. Nxd4 Rxd2 27.
Nf3 Rc1+ 28. Kh2 Rxf2 29. Qe8+ Kh7 30. Qxf7 Rcc2 31. Qxe6 Rxf3 32. Qxd5 Rff2
33. Qd3+ Kh8 34. Qd8+ Kh7 35. Qd3+ Kh8 36. Qd8+ Kh7 37. Qd3+ 1/2-1/2

[Event "DEM U10/U10w 2015"]
[Site "Willingen GER"]
[Date "2015.05.27"]
[Round "6"]
[White "Huo, Da"]
[Black "Kruse, Kilian"]
[Result "1/2-1/2"]
[Termination "normal"]
[Board "21"]
[WhiteElo "1179"]
[BlackElo "1346"]
[PlyCount "79"]
[WhiteFideId "16221206"]
[BlackFideId "16205413"]
[EventCountry "GER"]
[EventRounds "11"]
[EventType "swiss"]
[EventDate "2015.05.23"]

1. e4 c5 2. Nf3 Nc6 3. d4 cxd4 4. Nxd4 Nf6 5. Nc3 e5 6. Ndb5 d6 7. Bg5 a6 8.
Na3 b5 9. Nd5 Be7 10. Bxf6 Bxf6 11. c3 Be6 12. Be2 O-O 13. O-O Ne7 14. Nxf6+
gxf6 15. c4 b4 16. Nc2 a5 17. b3 Kh8 18. Ne3 Rg8 19. Kh1 Nc6 20. Rc1 Nd4 21.
Nc2 Nxe2 22. Qxe2 Qb6 23. Qe3 Qb7 24. Rg1 f5 25. Rce1 f4 26. Qe2 a4 27. f3 axb3
28. axb3 Ra2 29. Ra1 Rxa1 30. Rxa1 Ra8 31. Qe1 Rxa1 32. Qxa1 Qb6 33. Qg1 Qa5
34. Qa1 Qc5 35. Qg1 Qa5 36. Qa1 Qc5 37. Qg1 Qa5 38. Qa1 Qc5 39. Qg1 Qa5 40. Qa1
1/2-1/2

[Event "DEM U10/U10w 2015"]
[Site "Willingen GER"]
[Date "2015.05.27"]
[Round "6"]
[White "Schröder, Lennart"]
[Black "Nguyen, Phuong Thao Vivien"]
[Result "1/2-1/2"]
[Termination "normal"]
[Board "22"]
[WhiteElo "1339"]
[BlackElo "1195"]
[PlyCount "67"]
[WhiteFideId "16222490"]
[BlackFideId "16210735"]
[EventCountry "GER"]
[EventRounds "11"]
[EventType "swiss"]
[EventDate "2015.05.23"]

1. d4 Nf6 2. c4 g6 3. Nf3 Bg7 4. Nc3 O-O 5. e4 d6 6. Be2 Nbd7 7. O-O e5 8. Be3
c6 9. Qd2 Re8 10. Rfe1 Qc7 11. d5 Nf8 12. Rac1 Ng4 13. Bd3 Nxe3 14. fxe3 Bg4
15. Qf2 Nd7 16. b4 Nf8 17. h3 Bd7 18. a4 Qd8 19. Nd2 h5 20. Nb3 Nh7 21. c5 dxc5
22. bxc5 Nf6 23. Rcd1 Qc8 24. Kh2 Bg4 25. Be2 Bxe2 26. Qxe2 cxd5 27. exd5 Nd7
28. Ne4 Rf8 29. Qc4 a6 30. Nd6 Qc7 31. Rb1 b6 32. Rec1 bxc5 33. Ne4 Rfc8 34.
Nexc5 1/2-1/2

[Event "DEM U10/U10w 2015"]
[Site "Willingen GER"]
[Date "2015.05.27"]
[Round "6"]
[White "von Rosen, Jakob"]
[Black "Rempe, Jonas"]
[Result "0-1"]
[Termination "normal"]
[Board "24"]
[WhiteElo "1124"]
[BlackElo "1292"]
[PlyCount "48"]
[WhiteFideId "12982989"]
[BlackFideId "16202406"]
[EventCountry "GER"]
[EventRounds "11"]
[EventType "swiss"]
[EventDate "2015.05.23"]

1. c4 e6 2. g3 Nf6 3. Bg2 d5 4. Nf3 b6 5. O-O Bb7 6. d3 Nbd7 7. Nc3 Be7 8. Bf4
O-O 9. Qc2 d4 10. Nd1 c5 11. Ne5 Bxg2 12. Kxg2 Nxe5 13. Bxe5 Bd6 14. Bxd6 Qxd6
15. a3 Rfe8 16. Rb1 a5 17. Qb3 Reb8 18. a4 Qc6+ 19. Kg1 e5 20. Qb5 Qxb5 21.
axb5 a4 22. Ra1 e4 23. f3 e3 24. h3 Nh5 25.